Statistiken für Die größten Städte Deutschlands mit C

Klicken Sie hier um das Quiz zu spielen!

Allgemein

  • Dieses Quiz wurde 292 mal gespielt
  • Das Durchschnittsergebnis liegt bei 4 aus 11

Antwortstatistiken

BundeslandStadt% Korrekt
SachsenChemnitz
93%
NiedersachsenCelle
79%
BrandenburgCottbus
64%
BayernCoburg
62%
Nordrhein-WestfallenCastrop-Rauxel
39%
Rheinland-PfalzCochem
39%
Baden-WürttembergCrailsheim
31%
Sachsen-AnhaltCoswig (Anhalt)
18%
Mecklenburg-VorpommernCrivitz
7%
HessenCalden
6%
Schleswig-HolsteinChristiansholm
2%

Verteilung der Resultate

Perzentil nach korrekt beantworteten Fragen

Anzahl Personen mit jedem Resultat

Ihre Resultats-Entwicklung

Sie haben dieses Quiz noch nicht gespielt